Historia de la ciencia y epistemología

Gorde:
Xehetasun bibliografikoak
Egile nagusia: Pakman, Marcelo (autor)
Formatua: Liburua
Hizkuntza:gaztelania
Argitaratua: Barcelona Gedisa 1997
Saila:Colección Ciencias Cognitivas
Gaiak:
Etiketak: Etiketa erantsi
Etiketarik gabe, Izan zaitez lehena erregistro honi etiketa jartzen!

MARC

LEADER 00000nam a2200000 a 4500
001 UCP5570
003 CL-VaPUC
008 990927e19970000SP |||||||||||||||||spa|d
082 0 4 |a 128.4  |b PAK  |2 21 
100 |a Pakman, Marcelo  |e autor  |9 557533 
245 1 0 |a Historia de la ciencia y epistemología 
300 |a v 
942 |c BK 
945 |d 19990927 00:00:00  |a rbrito 
260 |a Barcelona  |b Gedisa  |c 1997 
500 |a v.2: Construcciones de la experiencia humana 
650 0 |a Epistemología   |9 264994 
650 0 |a Análisis del discurso  |9 256696 
650 0 |a Constructivismo  |9 268156 
650 7 |a PSICOTERAPIA  |2 CL-VaPUC  |9 434070 
583 |a last modification  |c 19990927 00:00:00  |k Rodrigo Vera 
490 0 |a Colección Ciencias Cognitivas 
999 |c 283302  |d 283300 
952 |0 0  |1 0  |4 0  |6 128_400000000000000_PAK_1997  |7 0  |8 A  |9 326267  |a BIBEDU  |b BIBEDU  |c ES_NOD  |d 2019-11-20  |h v.2  |i 3531481  |o 128.4 PAK 1997  |p 3531481  |r 2023-08-09  |w 2019-11-20  |y BK  |k PSI 
952 |0 0  |1 0  |4 0  |6 128_400000000000000_PAK_1997  |7 0  |8 A  |9 326268  |a BIBEDU  |b BIBEDU  |c ES_NOD  |d 2019-11-20  |h v.2  |i 3535371  |o 128.4 PAK 1997  |p 3535371  |r 2023-08-09  |w 2019-11-20  |y BK  |k PSI 
952 |0 0  |1 0  |4 0  |6 128_400000000000000_PAK_1997  |7 0  |8 A  |9 326269  |a BIBEDU  |b BIBEDU  |d 2019-11-20  |h v.2  |i 353538K  |o 128.4 PAK 1997  |p 353538K  |r 2019-11-20  |w 2019-11-20  |y BK  |k PSI